000 004700000a22001690004500
003 LK-CoMWRAF
008 230817t ||||| |||| 00| 0 eng d
040 _aLK-CoMWRAF
_dLK-CoMWRAF
_eLK-CoMWRAF
041 _aeng
082 _a310
_bPER
245 _aNational symposium on new diemnsions in the role of women
_b8th-11th Novemebr, 1982
260 _aColombo
_bWomen's Bureau
_c1982
300 _ap.30
650 _awomen & employment
650 _awomen-SL
942 _cBK
999 _c2596
_d2596